| 000 | 00783nam a22002177a 4500 | ||
|---|---|---|---|
| 005 | 20240905112620.0 | ||
| 010 | _aHIN-128356 | ||
| 020 |
_a9789385689390 _c995.00 |
||
| 035 | _aHN-100702 | ||
| 037 | _bDBAD | ||
| 082 | _aउ | ||
| 100 |
_aप्रकाश, शक्ति _971071 |
||
| 245 |
_aशाह की जीत/ _cशक्ति प्रकाश |
||
| 260 |
_bयश पब्लिकेशंस _c2018 _aदिल्ली |
||
| 270 |
_a1/10753, गली न. 3 सुभाष पार्क नवीन शाहदरा _bदिल्ली _e110032 |
||
| 300 |
_a292 पृ. _c21 सेमी (अजिल्द) |
||
| 650 |
_aहिन्दी _971072 |
||
| 700 | _970991 | ||
| 700 | _970996 | ||
| 942 |
_aDPL _cHN _2ddc _hउ _mप्रकाश |
||
| 999 |
_c205571 _d205571 |
||